000 00788nam a22002897a 4500
001 BR6001351
003 BR-BrBNA
005 20230928083055.0
007 ta
008 230509b bl.||||| |||| 00| 0 por d
040 _aBR-BrBNA
_bpor
_cBiblioteca Nacional de Agricultura
041 _a(Por)
072 _aF22
090 _ F22 BR6001351
100 1 _aSetzer, J.
245 1 _aA importancia das propriedades fisicas do solo [Sao Paulo; Brasil]
260 3 _aSao Paulo, SP (Brasil):
_c1944.
300 _a312 p.
500 _aReprint of "Boletim da Agricultura" 1942 p. 211-312
650 _aFisica do solo
650 _aQuimica do solo
650 _aPropriedade fisica
650 _aSolo
650 _aSao Paulo
909 _a202309
_bLucia
_c55
_dLucia Elande
942 _cBK
999 _c11426
_d11426